Fülhallás és közös köldökzsinór
Elmentve itt :
| Szerző: | |
|---|---|
| Adatforrás: | Meister |
| Forrásdokumentuma: | Látó. - 10 sz., 1998, 66-71 p. |
| Nyelv: | magyar |
| Kulcsszavak: | irodalomkritika Forrás-nemzedék KÁNTOR Lajos PALOTÁS Dezső TAMÁS GÁSPÁR Miklós GYÍMESI CS. Éva BALLA Zsófia |
| LEADER | 00541nab a2200193 i 4500 | ||
|---|---|---|---|
| 001 | bibPRO00010311 | ||
| 008 | 060524s1998 xx hun | ||
| 040 | |a Sz1 | ||
| 041 | |a hun | ||
| 100 | 1 | |a MIKLÓS Ágnes Kata | |
| 245 | 1 | 0 | |a Fülhallás és közös köldökzsinór |c MIKLÓS Ágnes Kata |
| 695 | |a irodalomkritika | ||
| 695 | |a Forrás-nemzedék | ||
| 695 | |a KÁNTOR Lajos | ||
| 695 | |a PALOTÁS Dezső | ||
| 695 | |a TAMÁS GÁSPÁR Miklós | ||
| 695 | |a GYÍMESI CS. Éva | ||
| 695 | |a BALLA Zsófia | ||
| 773 | 0 | |t Látó. - |g 10 sz., 1998, 66-71 p. | |